King Tut's family secrets (Record no. 5504)
[ view plain ]
| 000 -LEADER | |
|---|---|
| fixed length control field | 00574nam a22001937a 4500 |
| 005 - DATE AND TIME OF LATEST TRANSACTION | |
| control field | 20250513111924.0 |
| 008 - FIXED-LENGTH DATA ELEMENTS--GENERAL INFORMATION | |
| fixed length control field | 250513b |||||||| |||| 00| 0 eng d |
| 040 ## - CATALOGING SOURCE | |
| Transcribing agency | DepED Dasmarinas City |
| 245 ## - TITLE STATEMENT | |
| Title | King Tut's family secrets |
| 250 ## - EDITION | |
| Edition statement | September 2010 Vol. 218 No 3 |
| 490 ## - SERIES STATEMENT | |
| SERIES STATEMENT | National Geographic |
| 520 ## - SUMMARY, ETC. | |
| Summary, etc. | Tut's Family Secrets, Royal Incest, Sands of time, Madagascar's Pierced Heart, Tricky Insect Eggs, Mystery Travelers |
| 650 ## - SUBJECT ADDED ENTRY--TOPICAL TERM | |
| General subdivision | KING TUT'S FAMILY |
| 650 ## - SUBJECT ADDED ENTRY--TOPICAL TERM | |
| General subdivision | FRASER ISLAND |
| 650 ## - SUBJECT ADDED ENTRY--TOPICAL TERM | |
| General subdivision | MADAGASCAR |
| 650 ## - SUBJECT ADDED ENTRY--TOPICAL TERM | |
| General subdivision | INSECT EGGS |
| 650 ## - SUBJECT ADDED ENTRY--TOPICAL TERM | |
| General subdivision | EELS |
| 942 ## - ADDED ENTRY ELEMENTS (KOHA) | |
| Source of classification or shelving scheme | Dewey Decimal Classification |
| Koha item type | Continuing Resources |
| 999 ## - | |
| -- | 5504 |
| -- | 5504 |
| Homebranch | current branch | Barcode |
|---|---|---|
| DepED Dasmarinas City | DepED Dasmarinas City | DSMSR092010-075 |
